000 01226nam a22003017a 4500
001 5349
003 FISKH
005 20260114094345.0
008 241127b cb ||||| |||| 00| 0 eng d
020 _a9780439099400
040 _aFISKH
_beng
_cFISKH
_dFISKH
050 _aPS1306
082 _a813.4
100 _aTwain, Mark
245 _aThe adventures of Tom Sawyer /
_cby Mark Twain
260 _aNew York :
_bScholastic ;
_c2013.
300 _a319 pages :
_billustrations ;
_c18 cm .
490 _aTom Sawyer
_vBook 1
505 _aZ
520 _aThe orphan Tom Sawyer, raised by his aunt, is never out of trouble for long. A mischievous, charming boy (not to mention genius at escaping from trouble), Tom's adventures involve many unwitting bystanders. From one moment to the next, the boy could change into a pirate, or ship's captain - when he's not trying to win Becky Thatcher for a sweetheart, of course. Tom is also a friend of Twain's other beloved boy-hero, Huckleberry Finn. .
521 8 _a930
_bLexile
521 8 _aZ
_bRaz-Plus
650 _anovel
_vFiction
650 _aadventure
_vFiction
700 _aBadia, Angel
_eillustrator
942 _2ddc
_cBK
_n0
999 _c5349
_d5349